[Event "20th Prague Open 2022"]
[Site "Prague"]
[Date "2022.01.14"]
[Round "9.3"]
[White "Czerw, Dawid"]
[Black "Haring, Filip"]
[Result "1-0"]
[WhiteElo "2396"]
[BlackElo "2398"]
[Annotator "TA"]
[PlyCount "73"]
[EventDate "2022.01.07"]
[EventType "swiss"]
[EventCountry "CZE"]
[SourceTitle "playchess.com"]
[Source "ChessBase"]
[SourceQuality "1"]

{[%evp 12,73,24,23,11,9,32,16,16,19,19,16,53,37,66,49,52,35,36,24,32,22,56,50,66,69,65,61,88,79,100,91,115,113,131,123,129,133,134,112,137,141,192,128,136,114,136,129,184,187,207,214,211,165,211,160,275,254,354,345,1047,1042,29997,29998]} 1. e4 c5 2. Nf3 e6 3. g3 Nc6 4. Bg2 Nf6 5. Qe2 Be7 6. O-O d6 7. c3 O-O {C00: French: Unusual White 2nd moves.} 8. d4 cxd4 9. cxd4 d5 {The position is equal.} 10. e5 Ne4 11. Rd1 Qb6 12. Be3 $1 Bd7 13. Ne1 $1 {[#] Hoping for Bxe4.} Nb4 {[#]} 14. Bxe4 $146 ({Predecessor:} 14. f3 Bb5 15. Nd3 Nxd3 16. fxe4 Nxe5 17. Qe1 Nc4 18. exd5 exd5 19. Nc3 Bc6 20. Bf2 {1-0 (34) Murzin,V (2519)-Aldokhin,I (2413) Chess.com INT 2021}) 14... dxe4 15. Nc3 Nd5 16. Nxe4 Nxe3 17. fxe3 Bc6 18. Nc3 a5 19. Nd3 a4 20. a3 f6 21. Rf1 Be8 22. exf6 {White is more active.} Bxf6 23. Ne4 Bb5 24. Nxf6+ gxf6 25. Rf2 Kh8 {[%cal Oe6e5]} 26. Qd2 e5 (26... Qd6 $16 27. Nb4 Bc4) 27. Nb4 ({White should try} 27. Qb4 $18) 27... Rad8 $16 {[%cal Re5d4]} 28. Rd1 {[%cal Ba1d1,Bd1e1,Be1e6,Be6f6][%mdl 32]} exd4 29. exd4 {[%cal Be3d4,Bd4d5][%mdl 32]} Be8 (29... Rd6 $16 {keeps fighting.} 30. d5 (30. Qh6 Kg8 $16) 30... Re8) 30. d5 $18 Bh5 31. Qd4 Qd6 32. Re1 Kg7 (32... Bg6 {is a better defense.} 33. Ref1 Kg7) 33. Qf4 Qd7 (33... Rfe8 $16 34. Rxe8 Bxe8 35. Qxd6 Rxd6) 34. Re6 Rde8 35. Rxf6 Re1+ $2 (35... Rxf6 36. Qxf6+ Kg8 37. Qg5+ Bg6) 36. Kg2 {[#] Qh6+ would kill now.} Rfe8 37. Qh6+ {Weighted Error Value: White=0.08 (flawless) /Black=0.43} 1-0

[Event "20th Prague Open 2022"]
[Site "Prague"]
[Date "2022.01.14"]
[Round "9.4"]
[White "Torngren, Gustav"]
[Black "Pijpers, Arthur"]
[Result "1/2-1/2"]
[WhiteElo "2228"]
[BlackElo "2485"]
[Annotator "TA"]
[PlyCount "121"]
[EventDate "2022.01.07"]
[EventType "swiss"]
[EventCountry "CZE"]
[SourceTitle "playchess.com"]
[Source "ChessBase"]
[SourceQuality "1"]

{[%evp 15,121,-3,27,0,16,18,9,4,139,136,142,137,133,127,139,129,124,127,125,125,127,120,156,147,143,155,150,146,146,154,150,148,150,156,143,144,149,117,132,129,135,121,114,97,84,65,59,57,144,128,241,198,211,185,187,17,120,19,56,59,68,0,8,7,7,7,2,2,2,7,7,7,496,495,496,496,496,496,496,496,496,496,489,489,467,449,4133,4133,4133,4133,4133,4133,4126,8,8,8,8,8,8,8,8,8,8,8,8,8,8,-29985]} 1. e4 e6 2. d4 d5 3. Nc3 Nf6 4. Bg5 dxe4 5. Nxe4 Be7 6. Nxf6+ Bxf6 7. Bxf6 Qxf6 8. Nf3 {[%cal Bg1f3,Bf3d4,Bd4b5][%mdl 32]} c5 9. Qd3 {[#] 9.Bb5+ is the modern continuation. C13: French: Classical System: 4 Bg5 Be7, Alekhine-Chatard Attack.} cxd4 $146 ({Predecessor:} 9... Nc6 10. O-O-O cxd4 11. Qe4 Bd7 12. Nxd4 Nxd4 13. Rxd4 Bc6 14. Qe3 O-O 15. f3 {½-½ (15) Kuipers,S (2435)-Das,A (2439) Leiden 2019}) 10. Qxd4 Qxd4 11. Nxd4 b6 (11... Bd7 $11) 12. Nb5 $1 $16 Kd8 {Prevents Nc7.} 13. Be2 {[%cal Bf1e2,Be2f3,Bf3c6,Bc6b5][%mdl 32]} Nd7 14. Bf3 {Inhibits Bb7.} Rb8 15. Nxa7 {White is more active.} Bb7 16. Nc6+ Bxc6 17. Bxc6 {0-0-0 is the strong threat.} Kc7 18. Bb5 g5 19. O-O-O Ne5 20. Rhe1 f6 21. Re3 {Strongly threatening Rc3+.} Rbd8 22. Rc3+ Kb7 23. Rxd8 Rxd8 {[%mdl 4096] Endgame KRB-KRN} 24. Rh3 Rh8 25. Be2 h6 26. c3 Kc7 27. Kc2 f5 28. Re3 Kd6 29. f3 h5 30. a4 h4 31. h3 Ra8 ({Better is} 31... Ng6 $14) 32. Bb5 Ng6 (32... Ra7 $16 {was called for.} 33. b4 Re7) 33. Re2 Nf4 34. Rd2+ Ke7 35. Kb3 $2 (35. Rd7+ $18 Kf6 36. Bc6) 35... Ra7 (35... Rd8 $1 $11 {remains equal.} 36. Rf2 (36. Rxd8 Kxd8 37. Bf1 Nd5 $11) 36... Rd1) 36. Bc4 (36. c4 $16) 36... e5 37. Kb4 Rd7 $1 38. Rc2 (38. Rxd7+ $14 Kxd7 39. Bf1) 38... e4 39. fxe4 fxe4 40. Kb5 Rd6 41. b4 {[%cal Bb2b4,Bb4a5,Ba5a6][%mdl 32] Threatening a5.} e3 42. a5 bxa5 43. bxa5 {Hoping for a6.} Rd2 $2 {[%mdl 8192]} (43... Kd8 $11 {and Black has nothing to worry.}) 44. Rxd2 $18 exd2 {KB-KN} 45. Bb3 Kd7 {[#]} 46. Kb6 $1 {Threatens to win with a6.} (46. a6 Kc7 47. c4 Ne2 $14) 46... Nd5+ {[#]} 47. Kb7 $1 {Black must now prevent a6.} Nxc3 48. a6 Nb5 49. Kb6 (49. Ba4 Ke6 $16) 49... Nd6 50. Ba4+ ({Weaker is} 50. a7 Nc8+ 51. Ka6 Nxa7 52. Kxa7 Kd6 $11) 50... Kd8 (50... Ke6 $142 51. Kc5 (51. a7 Nc8+ 52. Ka6 Nxa7 $11) 51... Nc8) 51. a7 Nc8+ 52. Ka6 Nxa7 53. Kxa7 {KB-K3P} Kc7 54. Bd1 $2 ({White must play} 54. Ka6 $18 {White threatens Kb5 and mate.} Kd6 55. Ka5) 54... Kd6 $1 $11 {The position is equal.} 55. Kb6 Ke5 $1 56. Kc5 Kf4 57. Kd4 Kg3 58. Bf3 {Intending Ke4 and mate.} g4 $1 59. Bxg4 {Ke3 would kill now.} (59. hxg4 h3 60. Kc3 hxg2 61. Bxg2 d1=Q 62. Be4 Qxg4 63. Bd5 Kf4 64. Kd4 Qd1+ 65. Kc4 Ke5 66. Bb7 Qc2+ 67. Kb5 Qc3) 59... Kxg2 60. Ke3 d1=Q 61. Ke4 $2 {[%mdl 40960] Inhibits Qd5+. A wild game.  Weighted Error Value: White=0.24 (precise) /Black=0.32. An unexpected result.} (61. Bxd1 $11 Kxh3 62. Bh5) 1/2-1/2

[Event "20th Prague Open 2022"]
[Site "Prague"]
[Date "2022.01.14"]
[Round "9.5"]
[White "Plischki, Sebastian"]
[Black "Mikes, Jan"]
[Result "1-0"]
[WhiteElo "2375"]
[BlackElo "2329"]
[Annotator "TA"]
[PlyCount "81"]
[EventDate "2022.01.07"]
[EventType "swiss"]
[EventCountry "CZE"]
[SourceTitle "playchess.com"]
[Source "ChessBase"]
[SourceQuality "1"]

{[%evp 14,81,30,25,34,25,29,36,68,18,108,101,116,128,120,124,108,103,131,138,185,126,119,119,151,150,122,114,97,100,132,139,134,132,187,177,184,173,225,231,234,222,224,170,221,202,373,365,368,329,347,352,507,493,701,717,904,888,714,232,470,458,653,638,1797,2358,29982,29983,29983,29984]} 1. c4 Nf6 2. Nc3 g6 3. e4 d6 4. d4 Bg7 5. f3 O-O 6. Nge2 c5 7. d5 e6 8. Ng3 h5 {E81: King's Indian: Sämisch: 6th move deviations (including 6 Be3 c6).} 9. Bg5 {[%cal Oe4e5]} Qb6 {[%cal Of6d5]} 10. Qd2 Nh7 {White is slightly better.} 11. Bh4 {[#]} (11. Be3 $14) 11... g5 $146 (11... exd5 $1 $11 {remains equal.} 12. Nxd5 (12. cxd5 f6 $11) 12... Qxb2 13. Qxb2 Bxb2) ({Predecessor:} 11... Nd7 12. Be2 g5 13. Bxg5 Nxg5 14. Qxg5 Qxb2 15. Rc1 f6 16. Qe3 f5 17. dxe6 f4 {0-1 (80) Papasimakopoulos,A (2251)-Ghazarian,K (2220) Chess.com INT 2021}) 12. Bxg5 $16 (12. Na4 Qd8 13. Nxh5 gxh4 $19) 12... Nxg5 13. Qxg5 Qxb2 14. Rc1 f6 15. Qe3 f5 16. Nxh5 {Hoping for Qg5.} Bd4 (16... f4 $16 17. Qd2 Qxd2+ 18. Kxd2 Bd4) 17. Qd2 (17. Qg5+ $18 Kh7 18. Ne2) 17... Qxd2+ 18. Kxd2 fxe4 19. Nxe4 exd5 20. cxd5 Bf5 21. Nhg3 {Pair of Knights!} Bg6 22. Bd3 (22. Nxd6 Be5 $14) 22... Be5 23. Rb1 {White is more active.} Bf4+ {[#]} (23... Na6 $16) 24. Ke2 $1 $18 c4 25. Bxc4 Nd7 (25... b6 $142 26. Kf2 Nd7) 26. Rxb7 Ne5 27. Bb3 (27. Nxd6 $6 Rad8 $14) 27... a5 28. a4 Rac8 (28... Rab8 $142 29. Rxb8 (29. Nxd6 Nxf3 30. gxf3 Bxd6 $16) 29... Rxb8) 29. Rd1 Nc4 (29... Bxg3 {was necessary.} 30. Nxg3 (30. hxg3 Bxe4 31. fxe4 Rc3 $16) 30... Rb8 31. Rxb8 Rxb8) 30. Rd4 Ne3 {[#]} 31. Nxd6 $1 Bxd6 32. Kxe3 {Black must now prevent Rg4. Chess con chili.} Bc5 (32... Rb8 $142) 33. Ne4 Bxe4 (33... Rfe8 $142 34. Rb5 Kg7) 34. fxe4 Rb8 35. d6+ Kh8 36. Bd5 $2 (36. Rxb8 Rxb8 37. Bc4) 36... Rxb7 $2 (36... Bxd6 {was called for.} 37. Rd1 Rxb7 38. Bxb7 Bc5+ 39. Kd3 Kg7) 37. Bxb7 Rb8 {[#]} (37... Rf1 $142) 38. d7 $1 {Threatens to win with Bc8.} Kg7 (38... Rd8 39. Bc6) 39. Bc8 Bxd4+ 40. Kxd4 Rb1 41. Ke5 {Weighted Error Value: White=0.22 (precise) /Black=0.71} 1-0

[Event "20th Prague Open 2022"]
[Site "Prague"]
[Date "2022.01.14"]
[Round "9.6"]
[White "Carlsson, Ludvig"]
[Black "Koubova, Anna Marie"]
[Result "1-0"]
[WhiteElo "2355"]
[BlackElo "2148"]
[Annotator "TA"]
[PlyCount "105"]
[EventDate "2022.01.07"]
[EventType "swiss"]
[EventCountry "CZE"]
[SourceTitle "playchess.com"]
[Source "ChessBase"]
[SourceQuality "1"]

{[%evp 20,105,41,51,45,48,52,27,84,31,49,16,93,102,178,50,73,33,40,29,55,-7,0,-25,-29,-32,-30,-539,-93,-106,-97,-116,-103,-116,-106,-103,-36,-33,-35,-41,-36,-41,121,109,116,112,140,140,140,140,153,145,145,8,174,181,595,345,626,495,469,463,450,439,926,901,1253,1141,1356,1356,1317,1210,1356,1326,1105,811,582,556,537,515,515,515,515,414,96,103,4618,4577]} 1. Nf3 d5 2. d4 Nf6 3. c4 dxc4 4. e3 Bg4 5. Bxc4 e6 6. Nc3 a6 7. h3 Bh5 8. g4 Bg6 9. Ne5 Nbd7 10. Nxg6 hxg6 11. Bf1 Be7 {D22: Queen's Gambit Accepted: 3 Nf3 a6 4 e3.} 12. Bg2 c6 13. O-O {[#]} O-O $146 (13... Qc7 $11) ({Predecessor:} 13... Nd5 14. e4 Nxc3 15. bxc3 Qc7 16. e5 O-O 17. f4 b5 18. f5 gxf5 19. gxf5 exf5 20. Rxf5 Nb6 21. Qg4 Nd5 22. Bh6 g6 23. Rf3 Kh7 24. Bxf8 Rxf8 25. Raf1 Kg7 26. h4 {1-0 (26) Basso,P (2563)-Lazic,M (2409) Venice 2019}) 14. f4 (14. g5 $16) 14... Rc8 $14 15. h4 Nd5 (15... b5 $11) 16. g5 $16 Qc7 (16... Qe8 $16 {was called for.}) 17. Be4 (17. h5 $18) 17... f5 {aiming for ...Nxc3.} 18. gxf6 N7xf6 {And now ...Nxc3 would win.} 19. Bxg6 c5 20. Ne2 (20. Nxd5 $14 exd5 21. Rf2) 20... Ng4 21. Ng3 Nh6 {Pair of Knights!} (21... Ndxe3 $2 22. Bxe3 Nf6 23. Rc1 $18) 22. Ne4 cxd4 23. Ng5 $2 {[%mdl 8192]} (23. Qxd4 $11 {and White has nothing to worry.} Rcd8 24. Qe5) 23... Nxe3 $2 (23... dxe3 $19 {is more deadly.} 24. Nxe6 Qb6 25. Qxd5 e2+ 26. Nd4+ Kh8) 24. Bxe3 $17 dxe3 25. Nxe6 Qb6 26. Qb3 Qxb3 27. axb3 e2 (27... Rf6 $1 $17 {[%cal Rf6g6]} 28. f5 Rc6) 28. Rfe1 $15 (28. Rfc1 $2 Rxc1+ 29. Rxc1 Rf6 $19) 28... Rf6 29. Be4 {[%cal Oe1e2]} Kh8 $1 (29... Rxe6 $2 30. Bd5 Nf7 31. Bxe6 $18) 30. Bxb7 Rg6+ $2 (30... Re8 $1 $15 {stays ahead.} 31. Nc7 (31. Rxe2 $2 Rxe6 32. Rxe6 Bc5+ 33. Kg2 Rxe6 $19) 31... Rb8 32. Bxa6 Rxf4 33. Bxe2 (33. Rxe2 Rg4+ 34. Kh1 Nf5 $17) 33... Bc5+ 34. Kh1 Rxh4+ 35. Kg2 Rxb3) 31. Ng5 $16 Bc5+ 32. Kg2 $1 Rb8 33. Bxa6 Rf6 34. Rxe2 ({Much less strong is} 34. Bxe2 Rxf4 35. Bf3 Rxh4 $14) 34... Rxf4 35. Ra4 Rf6 36. Rc4 Bf8 $2 (36... Rxa6 $11 {and Black stays safe.} 37. Rxc5 Rab6) 37. Rc8 $18 Rxb3 (37... Rxc8 {is more resistant.} 38. Bxc8 Bc5) 38. Ne6 Rb6 $2 (38... Nf5 39. Rxf8+ Rxf8) 39. Nxf8 {Black must now prevent Nd7+.} Rxa6 40. Nd7+ Kh7 41. Nxf6+ gxf6 {[%mdl 4096] Endgame KRR-KRN} (41... Rxf6 $142 42. Re4 Rg6+ 43. Kh3 Nf5) 42. Rc5 Ng4 43. Kg3 Ne5 44. Rcxe5 fxe5 45. Rxe5 {KR-KR} Rb6 46. Re2 Kg6 47. Kf3 Kf5 48. h5 {Ke3 is the strong threat.} Rb3+ 49. Kf2 Rh3 {[#]} 50. Ke1 $1 {Threatens to win with Kd2.} Rxh5 51. Kd2 Rh8 52. b4 Rc8 $2 {[%mdl 8192] [#]} (52... Rh3 $16) 53. Kd3 $1 {Quite a comeback for White.  Weighted Error Value: White=0.61/Black=0.78} 1-0

[Event "20th Prague Open 2022"]
[Site "Prague"]
[Date "2022.01.14"]
[Round "9.7"]
[White "Vojta, Jakub"]
[Black "Mannion, Stephen R"]
[Result "1-0"]
[WhiteElo "2289"]
[BlackElo "2267"]
[Annotator "TA"]
[PlyCount "175"]
[EventDate "2022.01.07"]
[EventType "swiss"]
[EventCountry "CZE"]
[SourceTitle "playchess.com"]
[Source "ChessBase"]
[SourceQuality "1"]

{[%evp 16,175,24,11,23,23,33,26,44,29,50,0,44,16,42,41,41,35,40,10,33,12,26,17,23,0,0,0,0,0,0,0,13,18,8,-58,6,6,6,6,6,6,6,6,6,6,6,0,6,0,6,6,6,6,6,0,9,0,30,22,33,0,0,0,18,27,31,0,77,30,30,30,35,35,35,14,31,0,43,43,43,43,44,44,111,22,181,22,22,0,15,15,22,22,22,0,0,0,22,22,22,22,22,22,28,22,12836,22,22,22,22,22,12833,12833,12840,22,22,22,12833,12834,12835,12835,12837,12835,12837,12835,12835,12835,12836,12835,12835,12835,12837,12837,12837,12834,12833,12831,12841,12831,12831,12831,12840,12840,12843,12843,12844,12842,12843,12843,12845,12845,12845,12845,12845,12846,12846,12847,12847,12848,27999,27997]} 1. Nf3 {Chekhov,V} d5 2. g3 Nf6 3. Bg2 c6 4. c4 g6 5. b3 Bg7 6. Bb2 O-O 7. O-O Bg4 8. d3 Bxf3 9. Bxf3 Re8 {A11: English Opening: 1...c6.} 10. Nd2 a5 11. a3 Na6 {[#] White has an edge.} 12. Qc2 $146 ({Predecessor:} 12. Bg2 Qd6 13. Qc2 Rec8 14. Rac1 Qd8 15. Rfd1 Nc5 16. d4 Ncd7 17. Qd3 e6 18. Rc2 {1-0 (74) Larsen,B (2590)-Panno,O (2540) Buenos Aires 1980 MCL [Chekhov,V]}) 12... Rc8 13. Rfc1 (13. d4 $14) 13... e6 (13... d4 $11 {should be considered.}) 14. Be5 Nd7 15. Bxg7 Kxg7 16. Qc3+ Nf6 17. b4 axb4 18. axb4 Qe7 19. Rab1 e5 20. b5 Nc5 21. bxc6 bxc6 22. d4 Nce4 23. Bxe4 Nxe4 24. Nxe4 dxe4 25. Rb6 ({White should try} 25. Rd1 $11) 25... exd4 (25... Qd8 $15 26. Qb2 Qxd4) 26. Qxd4+ $11 Qe5 27. Rd1 Qxd4 28. Rxd4 {[%mdl 4096] Endgame KRR-KRR} Re5 29. Rb7 Rce8 30. Rdd7 Rf8 31. Rd4 Rfe8 32. Rdd7 Rf8 33. Kf1 Rc5 34. Rd4 Re8 35. Ke1 e3 36. f4 Ra8 {[%cal Oc5c4]} 37. Kf1 Ra2 38. Rdd7 Rf5 39. Rb3 Rc2 40. Rxe3 Rxc4 41. Ree7 Rc2 (41... g5 $11 {remains equal.}) 42. Kg2 ({White should play} 42. e4 $16 Rb5 43. Rxf7+ Kg8 44. Rg7+ Kf8 45. Rdf7+ Ke8 46. Rb7 (46. Re7+ Kd8 $14) 46... Rxb7 47. Rxb7) 42... h5 43. Kf3 {Threatens to win with e4.} Kg8 44. h3 {Black must now prevent g4.} g5 45. Ke4 Rfc5 46. Kf3 Rf5 47. e3 {aiming for g4.} gxf4 48. gxf4 Rc3 49. Ke4 Rf6 (49... Rcc5 $14) 50. Rc7 (50. f5 $1 $16) 50... Kf8 {[#] To avoid Re8+} (50... h4 $11 {and Black stays safe.}) 51. Re5 $2 (51. f5 $1 $18) 51... h4 52. Rc8+ Kg7 53. Ree8 {Intending Rg8+ and mate.} Re6+ 54. Rxe6 fxe6 {KR-KR} 55. Re8 Kf6 56. Rh8 c5 (56... e5 $5) 57. Rxh4 c4 58. Rh5 Ra3 59. Rc5 Rc3 60. h4 {Hoping for Rc6.} Kg6 $2 {[%mdl 8192]} (60... Rc1 $11) 61. Re5 $2 (61. h5+ $18 Kh6 62. Re5) 61... Kf6 62. h5 {Strongly threatening h6.} Rc1 63. Kd4 c3 $2 {[%mdl 8192]} (63... Rc2 $11) 64. Kd3 $18 ({Less strong is} 64. Rc5 Rc2 65. Kd3 (65. Rxc3 Rd2+ 66. Ke4 Rd5 $14) 65... Rc1 $18) 64... Kf7 {[#]} 65. Rc5 $2 ({White must play} 65. f5 $1 $18 exf5 66. Rxf5+ Ke6 67. Ra5 (67. Rc5 Kd6 $16)) 65... Kf6 $1 $11 66. Rg5 {Re5 is the strong threat.} c2 $2 {[%mdl 8192] White leaves nothing to chance now.} (66... Re1 $11) 67. Rc5 $18 Rd1+ 68. Kxc2 Rd8 69. Re5 Rd7 70. Kc3 Rd1 71. Rg5 Kf7 72. Ra5 Kf6 73. Kc2 Rd8 74. Rb5 Rd7 75. Kc3 Rd1 76. Re5 Kf7 77. Kc4 Kf6 78. Kc5 Rd3 79. h6 {[%cal Bh5h6,Bh6h7][%mdl 32]} Rd8 80. h7 Rh8 81. Rh5 Kg6 82. Rh1 Kf7 83. Kd6 Rd8+ 84. Kc7 Rh8 85. Kd7 Kf6 86. e4 e5 87. fxe5+ Kxe5 88. Ke7 {Weighted Error Value: White=0.21 (precise) /Black=0.18 (very precise)} 1-0

[Event "20th Prague Open 2022"]
[Site "Prague"]
[Date "2022.01.14"]
[Round "9.8"]
[White "Unneland, Mathias"]
[Black "Blahynka, Martin"]
[Result "0-1"]
[WhiteElo "2262"]
[BlackElo "2399"]
[Annotator "TA"]
[PlyCount "62"]
[EventDate "2022.01.07"]
[EventType "swiss"]
[EventCountry "CZE"]
[SourceTitle "playchess.com"]
[Source "ChessBase"]
[SourceQuality "1"]

{[%evp 10,62,29,27,25,32,53,35,45,31,43,24,58,54,66,61,60,61,51,41,56,31,40,0,55,34,44,29,22,-47,-43,-84,-7,-58,-83,-88,-32,-93,0,-213,104,103,98,100,92,108,87,-968,-943,-1115,-953,-953,-953,-938,-746]} 1. Nf3 Nf6 2. c4 e6 3. d4 c5 4. d5 b5 5. dxe6 fxe6 6. cxb5 {[%cal Oe2e4]} a6 {E10: Blumenfeld Gambit.} 7. e3 Be7 8. Nc3 O-O {White is slightly better.} 9. Be2 axb5 10. Nxb5 {[#]} Nc6 $146 ({Predecessor:} 10... d5 11. O-O Nc6 12. b3 Bd7 13. Bb2 Qb8 14. h3 Kh8 15. Nd2 Ne5 16. a4 Ng6 {0-1 (42) Beinoras,M (2386)-Le Goff,D (2281) Panevezys 2010}) 11. O-O Kh8 12. b3 d6 13. Bb2 e5 14. Nd2 d5 {To avoid Nc4} 15. Nf3 d4 $1 16. exd4 (16. a4 {looks sharper.} Rb8 17. exd4 exd4 18. Bd3 Nb4 19. Ne5) 16... cxd4 (16... exd4 $11 17. Re1 Nd5) 17. Rc1 (17. a4 $5 {[%cal Ra1c1]}) 17... Rxa2 {And now ...Bd7 would win.} 18. Rxc6 Rxb2 19. Rc2 ({White should try} 19. Nxe5 $11 Qd5 20. Rxc8 Rxc8 21. Nc4 Rxe2 22. Qxe2) 19... Rxc2 $15 20. Qxc2 {[#]} Bd6 (20... Nd5 $1 $17 {[%cal Rd5f4] aiming for ...Nf4.} 21. Nxe5 Nf4) 21. Qc6 (21. Nxd6 $11 Qxd6 22. Bd3) 21... Bb8 22. Bc4 Bd7 (22... Bf5 $17 {...Be4 is the strong threat.} 23. Ng5 Qe7) 23. Qb7 ({White should play} 23. Qc5 $1 $15) 23... e4 (23... Qe7 $17 {Strongly threatening ...Qc5.} 24. Ra1 Qc5) 24. Ng5 $2 (24. Nfxd4 $11 Ng4 25. h3 Bh2+ 26. Kh1) 24... Bxh2+ $2 25. Kxh2 $16 Ng4+ 26. Kg1 {[%cal Ob5d6] Threatens to win with Nd6!} Qxg5 27. Qxd7 {Hoping for Qd6.} e3 {[%cal Be4e3,Be3e2][%mdl 32]} 28. f3 $2 {[%mdl 8192] [#] Loses the game.} ({Not} 28. Nxd4 $2 Qh4 29. Qxg4 Qxg4 $19) (28. fxe3 {gets mated.} Qxe3+) (28. Qd6 $16 Ra8 29. Qg3 (29. Nxd4 exf2+ 30. Rxf2 Nxf2 $14) (29. Qxd4 Qh5 $14) 29... exf2+ 30. Rxf2) 28... e2 $1 $19 {Black is clearly winning.} 29. Qxg4 (29. Qd6 Rd8) 29... Qxg4 {[%mdl 64] Pin} 30. Re1 Rxf3 {( -> ...Qg5)} 31. Rxe2 Re3 {Weighted Error Value: White=0.54/Black=0.38} 0-1

[Event "20th Prague Open 2022"]
[Site "Prague"]
[Date "2022.01.14"]
[Round "9.9"]
[White "Fus, Jakub"]
[Black "Dev, Shah"]
[Result "1-0"]
[WhiteElo "2384"]
[BlackElo "2243"]
[Annotator "TA"]
[PlyCount "133"]
[EventDate "2022.01.07"]
[EventType "swiss"]
[EventCountry "CZE"]
[SourceTitle "playchess.com"]
[Source "ChessBase"]
[SourceQuality "1"]

{[%evp 9,133,0,25,27,27,19,33,31,100,65,94,80,82,89,85,56,137,118,127,118,115,116,136,122,138,110,118,120,152,156,171,110,149,149,222,237,225,147,141,156,146,52,62,37,23,0,79,22,101,-50,-47,-182,-174,-531,-519,-678,-685,-631,-604,-553,-554,-520,-412,-375,-371,-703,231,231,231,231,231,229,363,370,720,665,696,696,671,666,1484,1478,1391,1437,12828,12826,12830,1550,12837,12837,12837,12838,12841,12840,12845,12842,12845,12840,12840,12840,12845,12841,12842,12833,12845,12840,12841,12841,12841,12842,12842,12843,12843,12839,12844,12844,12845,12843,12846,12846,12847,12847,12848,12848,12849,12849]} 1. Nf3 Nf6 2. d4 d5 3. c4 dxc4 4. Qa4+ Nc6 5. Nc3 e6 6. a3 {D23: Queen's Gambit Accepted: 3 Nf3 Nf6 sidelines.} Bd7 {[%cal Oc6d4] White must now prevent ...Nxd4!} 7. Qxc4 Na5 8. Qa2 {[#] White is slightly better.} b5 $146 ({Black should try} 8... Bc6 $14) ({Predecessor:} 8... Bc6 9. e3 Bd5 10. Bb5+ c6 11. Nxd5 Qxd5 12. Ba4 Bd6 13. Bc2 O-O 14. b3 b6 {1-0 (50) Dreev,A (2633)-Kulaots,K (2525) Gausdal 2007}) 9. e3 {[%cal Be2e3,Be3e4][%mdl 32]} c6 10. Bd2 Nb7 11. Bd3 a6 12. a4 Bb4 (12... b4 $1 $14) 13. O-O O-O 14. e4 {White is more active.} Be7 15. Qb1 h6 16. b4 {Inhibits c5.} Ne8 17. a5 Nc7 18. Ne2 f5 19. Ne5 Bd6 20. f3 (20. Nf4 $18) 20... Bxe5 21. dxe5 fxe4 (21... Rc8 $16 22. Rc1 fxe4) 22. Bxe4 $18 Nd5 23. Rc1 Rc8 24. Qb3 Qe7 25. Bb1 (25. f4 $16) 25... c5 $1 $14 26. Qd3 {White wants to mate with Qh7+.} g5 $1 27. h4 {hxg5 is the strong threat.} cxb4 (27... Qg7 $1 $11) 28. hxg5 ({White should play} 28. Ba2 $16) 28... hxg5 {[#]} (28... Rxc1+ $11 29. Bxc1 Be8) 29. Rxc8 $2 ({Don't play} 29. Qg6+ Qg7 $11) ({White must play} 29. Ba2 $1 $16) 29... Rxc8 $15 30. Ng3 (30. Ba2 $1 $15 Nc5 31. Qg6+ Qg7 32. Qxg7+ Kxg7 33. Bxd5 exd5 34. Bxb4) 30... Nc5 $36 {[%cal Bb7c5,Bc5b3,Bb3a1,Ba1c2][%mdl 2080] Black has strong initiative.} 31. Qd4 (31. Qg6+ {is more resistant.} Qg7 32. Bxg5) 31... Nb3 $1 {[%csl LRa1,LRd4] Pair of Knights!} 32. Qd3 Nxa1 33. Ne4 Qh7 34. Qd4 {Strongly threatening Nf6+.} Nc2 35. Qb2 b3 36. Qxb3 Nd4 37. Nf6+ $2 (37. Qd3 Nf5 38. Ba2) 37... Nxf6 $4 {[%mdl 8192]} (37... Kf7 $19 {and all is fine.} 38. Qxb5 {[#]} Ne2+ $1 {[%mdl 512]} 39. Qxe2 Qxb1+ 40. Qf1 Qxf1+ 41. Kxf1 Nxf6 42. exf6 Kxf6) 38. Bxh7+ $18 Nxh7 39. Qd3 Rc4 40. Be3 Nf5 (40... Bc6 $142) 41. Qxd7 Nxe3 $2 (41... Nf8 42. Qd8 g4 43. fxg4 Nxe3) 42. Qxe6+ {White is clearly winning.} Kg7 43. Qxa6 {Threatens to win with Qa7+.} Rc1+ 44. Kf2 Nc4 45. Qb7+ Kh6 46. a6 Nxe5 47. a7 Rc2+ 48. Kg1 Ra2 49. a8=Q Rxa8 50. Qxa8 Nf6 51. Qb8 {[%csl LRb5,LRe5]} Nf7 52. Qxb5 Kg6 53. Qb1+ Kg7 54. Qf5 Nh7 55. Kf2 Nf6 56. Ke3 Nh7 57. Kd4 Nf6 58. Kc5 Nh5 59. Kc6 Nf4 60. Kd7 Ng6 61. Qb1 Kf6 62. Qb6+ Kg7 63. Qb2+ Kh6 64. Ke6 Nfh8 65. g3 Nf8+ 66. Ke7 Nfg6+ 67. Kf6 {Both players deserved the win here.  Weighted Error Value: White=0.53/Black=0.44} 1-0